[Event "ICS rated blitz match"]
[Site "204.178.125.65"]
[Date "1999.12.05"]
[Round "?"]
[White "Hossa"]
[Black "inmichess"]
[Result "1-0"]
[WhiteElo "2472"]
[BlackElo "2557"]
[PlyCount "85"]
[EventDate "1999.??.??"]

1. e4 e5 2. Nf3 Nc6 3. Bb5 Nge7 4. c3 a6 5. Bc4 b5 6. Bb3 d5 7. Qe2 dxe4 8. Ng5
Nd5 9. Qxe4 Nce7 10. Nf3 f6 11. d4 exd4 12. Qxd4 Qd6 13. O-O c5 14. Qd1 Bf5 15.
c4 bxc4 16. Bxc4 O-O-O 17. Nh4 Be6 18. Re1 Ng6 19. Qe2 Nc7 20. Nf3 Bg4 21. h3
Bxf3 22. Qxf3 Ne5 23. Qf5+ Qd7 24. Qc2 Nxc4 25. Qxc4 Qd4 26. Qe2 Bd6 27. Be3
Qe5 28. f4 Qf5 29. Qc4 g5 30. fxg5 fxg5 31. Nd2 Rhe8 32. Rad1 Kb8 33. Qb3+ Ka8
34. Qb6 Re6 35. Qa5 Rde8 36. Nc4 Bf4 37. Rf1 Rxe3 38. Nd6 Qe6 39. Qxc7 Bxd6 40.
Qc6+ Kb8 41. Qb6+ Kc8 42. Rxd6 Qxd6 43. Qxd6 1-0

[Event "ICS rated blitz match"]
[Site "204.178.125.65"]
[Date "1999.12.05"]
[Round "?"]
[White "inmichess"]
[Black "Hossa"]
[Result "0-1"]
[WhiteElo "2537"]
[BlackElo "2492"]
[PlyCount "102"]
[EventDate "1999.??.??"]

1. e4 c5 2. g3 g6 3. Nf3 Bg7 4. Bc4 Nf6 5. Nc3 Nc6 6. O-O d6 7. d3 O-O 8. Bf4
Bg4 9. Nb5 a6 10. c3 axb5 11. Bxb5 Ne5 12. Bxe5 dxe5 13. Re1 Ne8 14. Bc4 e6 15.
Kg2 Nd6 16. Bb3 Qe7 17. h3 Bxf3+ 18. Qxf3 f5 19. exf5 Nxf5 20. Qg4 Ra6 21. a4
Rd6 22. Bc4 Rb6 23. Re2 Nh6 24. Qe4 Nf7 25. a5 Rc6 26. Qg4 Nh6 27. Qe4 Nf5 28.
Qg4 Qf7 29. Kh2 Rd6 30. Rc2 Kh8 31. Re2 h5 32. Qf3 Qd7 33. Qe4 Kg8 34. Rb1 Qe7
35. b4 cxb4 36. Rxb4 Rf7 37. Reb2 Qd8 38. a6 b6 39. Rb1 Qc7 40. Kg2 Qc5 41. Rb5
Nh4+ 42. Kh1 Qxf2 43. Qxh4 Qf3+ 44. Kh2 Qe2+ 45. Kg1 Qe3+ 46. Kh1 Rf2 47. Bxe6+
Rxe6 48. Qd8+ Kh7 49. Qg8+ Kxg8 50. Rd1 Qf3+ 51. Kg1 Qg2# 0-1

[Event "ICS rated blitz match"]
[Site "204.178.125.65"]
[Date "1999.12.05"]
[Round "?"]
[White "Hossa"]
[Black "inmichess"]
[Result "0-1"]
[WhiteElo "2510"]
[BlackElo "2519"]
[PlyCount "152"]
[EventDate "1999.??.??"]

1. e4 e5 2. Nf3 Nc6 3. Bb5 Nf6 4. Nc3 a6 5. Bxc6 dxc6 6. Nxe5 Nxe4 7. Nxe4 Qd4
8. O-O Qxe5 9. d4 Qd5 10. Re1 Be6 11. Bg5 Bd6 12. b3 Bb4 13. c4 Qf5 14. Re2 O-O
15. a3 Ba5 16. Qd3 b5 17. Be7 Rfe8 18. Bb4 Bxb4 19. axb4 Qh5 20. Nc5 Bf5 21.
Rxe8+ Rxe8 22. Qf3 Qxf3 23. gxf3 Rd8 24. Rxa6 h6 25. Rxc6 Rxd4 26. Ne4 Bh3 27.
Nc3 Rd8 28. f4 Re8 29. f3 Re3 30. Ne4 Rxf3 31. Nf2 Be6 32. f5 Bxf5 33. cxb5
Rxb3 34. Rxc7 Rxb4 35. Rb7 g5 36. h3 Be6 37. Kh2 Kg7 38. Rb8 Rb1 39. Rb6 Bc4
40. Rb7 Rxb5 41. Rc7 Bd5 42. Nd3 Kf8 43. Rd7 f5 44. Rh7 Rb6 45. Rd7 Be4 46. Nc5
Rb2+ 47. Kg1 Rg2+ 48. Kf1 Rh2 49. Rd8+ Kf7 50. Rd7+ Ke8 51. Rd6 Rxh3 52. Nxe4
fxe4 53. Re6+ Kf7 54. Rxe4 h5 55. Re5 g4 56. Rg5 Kf6 57. Rg8 Rh2 58. Kg1 Rc2
59. Kf1 Kf5 60. Ke1 h4 61. Kd1 Rh2 62. Rf8+ Ke4 63. Re8+ Kf3 64. Rf8+ Kg3 65.
Kc1 Rf2 66. Rc8 h3 67. Re8 Kg2 68. Kd1 h2 69. Re2 h1=Q+ 70. Kd2 Rxe2+ 71. Kxe2
Qf1+ 72. Kd2 Qc4 73. Ke1 Kf3 74. Kd2 g3 75. Kd1 Ke3 76. Ke1 Qc1# 0-1

[Event "ICS rated blitz match"]
[Site "204.178.125.65"]
[Date "1999.12.05"]
[Round "?"]
[White "inmichess"]
[Black "Hossa"]
[Result "1/2-1/2"]
[WhiteElo "2521"]
[BlackElo "2494"]
[PlyCount "186"]
[EventDate "1999.??.??"]

1. e4 e5 2. Nf3 Nc6 3. Bb5 Nf6 4. O-O Bc5 5. Nxe5 Nxe5 6. d4 a6 7. Be2 Nxe4 8.
dxc5 Nxc5 9. Re1 O-O 10. Bxa6 Rxa6 11. Rxe5 Re6 12. Bg5 f6 13. Rxe6 Nxe6 14.
Bd2 d5 15. Na3 c5 16. Qh5 Qb6 17. Rb1 Rd8 18. b4 Qa6 19. Qh3 Ng5 20. Qe3 Ne4
21. Be1 c4 22. b5 Qa4 23. Rb4 Qa8 24. Nxc4 Qxa2 25. c3 Re8 26. Nb6 Nd6 27. Qc1
Qe2 28. Bd2 Be6 29. Rb2 Bf7 30. Be3 Qd3 31. Qd2 Qxd2 32. Bxd2 h5 33. h4 Kh7 34.
g3 Kg6 35. Be3 Re7 36. Kg2 Ne4 37. Bd4 Rc7 38. Na4 Be8 39. f3 Nd6 40. b6 Re7
41. Ra2 Nc8 42. Nb2 Re2+ 43. Kg1 Bb5 44. Bc5 Bc4 45. Ra8 Nxb6 46. Bxb6 Rxb2 47.
Bc5 b5 48. Ra7 Rc2 49. Bd4 Kh6 50. Be3+ Kh7 51. Bd4 Kg6 52. g4 hxg4 53. fxg4
Kh6 54. Be3+ Kh7 55. Bd4 Ra2 56. Re7 Ra1+ 57. Kg2 Ra6 58. Kg3 Kg8 59. g5 Ra3
60. gxf6 gxf6 61. Bxf6 Ra6 62. Bd4 Rh6 63. Kg4 Rh7 64. Rxh7 Kxh7 65. Kg5 Bd3
66. h5 Bc4 67. h6 Kg8 68. Bb6 Kf7 69. Ba7 Be2 70. Bc5 Bd3 71. Bd6 Ke6 72. Bf4
d4 73. cxd4 Kd5 74. Be3 Be4 75. Kf6 b4 76. Bd2 Kxd4 77. Bxb4 Bd3 78. Bd6 Bc2
79. Bc7 Bb1 80. Bb6+ Kd5 81. Ba7 Bc2 82. Be3 Bd3 83. Bf4 Bc2 84. Be5 Bd3 85.
Bc3 Bc2 86. Ba1 Bd3 87. Kg5 Bc2 88. Bc3 Bb1 89. Ba5 Bc2 90. Kf6 Bb1 91. Bb6 Bc2
92. Be3 Bd3 93. Bf4 Bc2 1/2-1/2

[Event "ICS unrated blitz match"]
[Site "204.178.125.65"]
[Date "1999.12.05"]
[Round "?"]
[White "Moron"]
[Black "Hossa"]
[Result "1/2-1/2"]
[WhiteElo "2747"]
[BlackElo "2495"]
[PlyCount "102"]
[EventDate "1999.??.??"]

1. e4 e5 2. Nf3 Nc6 3. Bb5 Nf6 4. O-O Bc5 5. c3 O-O 6. d4 exd4 7. cxd4 Bb6 8.
Nc3 d5 9. Bxc6 bxc6 10. Bg5 Bg4 11. e5 h6 12. Bxf6 gxf6 13. Qd3 Bxf3 14. Qxf3
fxe5 15. dxe5 Qg5 16. Qh3 Rfe8 17. Kh1 Qf4 18. Rae1 Re6 19. Qh5 Rae8 20. g3 Qb4
21. Nd1 Bd4 22. Ne3 Bxe5 23. Nf5 Bg7 24. Rxe6 Rxe6 25. b3 Qe4+ 26. Kg1 Rf6 27.
Nxg7 Kxg7 28. f4 Re6 29. f5 Qe3+ 30. Rf2 Rf6 31. Qg4+ Kh7 32. Kg2 a5 33. Re2
Qg5 34. Qxg5 hxg5 35. g4 Kg7 36. Re7 d4 37. Rxc7 Rd6 38. Kf2 d3 39. Ke1 Rh6 40.
Kd2 Rxh2+ 41. Kxd3 Rxa2 42. Rxc6 Rg2 43. Rc4 Kf6 44. Re4 Rg3+ 45. Kc2 Rf3 46.
Ra4 Rf4 47. Rc4 Ke5 48. Rc5+ Kf6 49. Rc4 Ke5 50. Rc5+ Kf6 51. Rc4 Ke5 1/2-1/2

[Event "ICS rated blitz match"]
[Site "204.178.125.65"]
[Date "1999.12.05"]
[Round "?"]
[White "Hossa"]
[Black "PostModernist"]
[Result "1/2-1/2"]
[WhiteElo "2495"]
[BlackElo "2599"]
[PlyCount "67"]
[EventDate "1999.??.??"]

1. e4 c5 2. Nf3 d6 3. d4 Nf6 4. Nc3 cxd4 5. Nxd4 e6 6. Bc4 a6 7. O-O Nc6 8.
Nxc6 bxc6 9. e5 dxe5 10. Qxd8+ Kxd8 11. Re1 Nd5 12. Rxe5 Nxc3 13. bxc3 Bd6 14.
Rg5 g6 15. Rb1 f5 16. g4 e5 17. gxf5 Bxf5 18. Rb7 Bxc2 19. Be6 h6 20. Rg4 Rb8
21. Rd7+ Ke8 22. Rxd6 Rb1 23. Rxc6 Rxc1+ 24. Kg2 Ke7 25. Rxa6 Bd3 26. c4 h5 27.
Rg5 Bf1+ 28. Kf3 Rf8+ 29. Ke4 Rf6 30. Ra7+ Kd6 31. Ra6+ Ke7 32. Ra7+ Kd6 33.
Ra6+ Ke7 34. Ra7+ 1/2-1/2

[Event "ICS rated blitz match"]
[Site "204.178.125.65"]
[Date "1999.12.05"]
[Round "?"]
[White "PostModernist"]
[Black "Hossa"]
[Result "1/2-1/2"]
[WhiteElo "2594"]
[BlackElo "2500"]
[PlyCount "60"]
[EventDate "1999.??.??"]

1. d4 Nf6 2. c4 g6 3. Nc3 d5 4. Nf3 Bg7 5. cxd5 Nxd5 6. e4 Nxc3 7. bxc3 c5 8.
Be3 Qa5 9. Qd2 Nc6 10. Rb1 cxd4 11. cxd4 Qxd2+ 12. Kxd2 O-O 13. d5 Rd8 14. Bd3
Na5 15. Bc5 e6 16. Bb4 b6 17. Bxa5 bxa5 18. Rb5 Bf8 19. Ke2 a4 20. Ra5 a3 21.
Bc4 Rb8 22. Ne5 Rb2+ 23. Kf3 a6 24. Bb3 exd5 25. Rxd5 Re8 26. Nd3 Rd2 27. Nf4
Rb2 28. Nd3 Rd2 29. Nf4 Rb2 30. Nd3 Rd2 1/2-1/2

[Event "ICS rated blitz match"]
[Site "204.178.125.65"]
[Date "1999.12.06"]
[Round "?"]
[White "Hossa"]
[Black "inmichess"]
[Result "1-0"]
[WhiteElo "2504"]
[BlackElo "2547"]
[PlyCount "207"]
[EventDate "1999.??.??"]

1. e4 e5 2. Nf3 Nc6 3. Bb5 Nf6 4. O-O Bc5 5. d3 Qe7 6. Be3 Bxe3 7. fxe3 Qb4 8.
Bxc6 bxc6 9. Qc1 d6 10. Nc3 Rb8 11. Rb1 O-O 12. Qe1 Be6 13. d4 Bc4 14. a3 Qa5
15. dxe5 Bxf1 16. exf6 Bc4 17. fxg7 Kxg7 18. Nd4 Qa6 19. Qh4 f6 20. b3 Bg8 21.
Qf4 Qxa3 22. Nxc6 Rbe8 23. Qg3+ Kh8 24. Nd4 Bf7 25. Rd1 Bg6 26. Nd5 Bxe4 27.
Nxc7 Rg8 28. Nxe8 Rxg3 29. hxg3 Qb2 30. Nxd6 Bxc2 31. Nc4 Qa2 32. Nxc2 Qxc2 33.
Rd8+ Kg7 34. Rd7+ Kg6 35. Nd2 a5 36. Rd5 f5 37. Kf2 h5 38. Rd6+ Kf7 39. Ke2 Qc7
40. Nc4 Ke7 41. Rg6 Qb8 42. Nxa5 Qb5+ 43. Nc4 Qxb3 44. Nd6 Qd5 45. Kf2 Kd7 46.
Kg1 Qd1+ 47. Kh2 Qd3 48. Rf6 Qxe3 49. Nxf5 Qe5 50. Rf7+ Kc6 51. Rf8 Kc5 52. Nh6
Qe2 53. Rf5+ Kc6 54. Nf7 Kb6 55. Ne5 Kc7 56. Rg5 Kd8 57. Kh3 Qe1 58. Rxh5 Qh1+
59. Kg4 Qxg2 60. Rf5 Kc7 61. Rf3 Kd6 62. Kf5 Qh3+ 63. g4 Qh7+ 64. Kf4 Qh2+ 65.
Rg3 Ke6 66. Nf3 Qb2 67. g5 Qb4+ 68. Ke3 Qc5+ 69. Nd4+ Kd5 70. Rg4 Qc3+ 71. Kf2
Qh3 72. Nf5 Qh2+ 73. Kf3 Qh1+ 74. Ke2 Qc1 75. Ne3+ Ke5 76. g6 Qb2+ 77. Kd3 Qb3+
78. Kd2 Qa2+ 79. Ke1 Qg8 80. g7 Kf6 81. Kf2 Ke6 82. Kf3 Ke7 83. Rf4 Kd7 84. Nf5
Ke6 85. Kg4 Ke5 86. Rf2 Qc8 87. Kh5 Qe8+ 88. Kh6 Qg8 89. Kg6 Qe8+ 90. Kh7 Qd7
91. Nh6 Ke6 92. Kg6 Qe8+ 93. Rf7 Kd5 94. g8=Q Qe4+ 95. Rf5+ Kd4 96. Qd8+ Kc3
97. Qa5+ Kc2 98. Qd5 Qe8+ 99. Nf7 Qg8+ 100. Kf6 Qd8+ 101. Qxd8 Kb2 102. Qd2+
Kb3 103. Rb5+ Ka3 104. Qa5# 1-0

[Event "ICS rated blitz match"]
[Site "204.178.125.65"]
[Date "1999.12.06"]
[Round "?"]
[White "inmichess"]
[Black "Hossa"]
[Result "1/2-1/2"]
[WhiteElo "2529"]
[BlackElo "2522"]
[PlyCount "110"]
[EventDate "1999.??.??"]

1. e4 e5 2. Nf3 Nc6 3. Bb5 Nf6 4. O-O Bc5 5. Nxe5 Nxe5 6. d4 a6 7. Be2 Nxe4 8.
dxc5 Nxc5 9. Be3 d6 10. Bxc5 dxc5 11. Qxd8+ Kxd8 12. Rd1+ Ke7 13. Rd5 Nd7 14.
Nc3 c6 15. Rh5 b6 16. Bd3 h6 17. Rd1 Re8 18. Be4 Bb7 19. Rh3 Nf6 20. Rhd3 Rad8
21. Rxd8 Rxd8 22. Bd3 b5 23. b3 a5 24. f3 h5 25. h4 Bc8 26. Kf2 Be6 27. Re1 b4
28. Na4 Kd6 29. c4 Nd7 30. Rd1 Kc7 31. Re1 Re8 32. f4 g6 33. f5 gxf5 34. Bxf5
Rf8 35. Bd3 Bg4 36. Kg3 Rg8 37. Kf4 Be6 38. g3 Kd6 39. Be2 Bg4 40. Rd1+ Kc7 41.
Rd2 Rg6 42. Bxg4 Rxg4+ 43. Kf3 f5 44. Re2 Kd6 45. Rd2+ Rd4 46. Ke3 Rxd2 47.
Kxd2 Nf6 48. Ke3 Ne4 49. Kf4 Ke6 50. Nb2 Kf6 51. Nd3 Ke6 52. Nb2 Kf6 53. Nd3
Ke6 54. Nb2 Kf6 55. Nd3 Ke6 1/2-1/2

[Event "ICS rated blitz match"]
[Site "204.178.125.65"]
[Date "1999.12.06"]
[Round "?"]
[White "Hossa"]
[Black "inmichess"]
[Result "1-0"]
[WhiteElo "2522"]
[BlackElo "2529"]
[PlyCount "84"]
[EventDate "1999.??.??"]

1. e4 e5 2. Nf3 Nc6 3. Bb5 Nge7 4. c3 a6 5. Bc4 b5 6. Bb3 d5 7. Qe2 dxe4 8. Ng5
Nd5 9. Qxe4 Nce7 10. Nf3 f6 11. d4 Bf5 12. Qe2 exd4 13. Nxd4 Nb4 14. O-O Bd3
15. Qe6 Bg6 16. cxb4 Qd6 17. Rd1 Rd8 18. Qe1 Qe5 19. Be3 Nf5 20. Nc3 Nxd4 21.
Rxd4 Rxd4 22. Bxd4 Qxe1+ 23. Rxe1+ Kd8 24. Re6 Bxb4 25. Rxa6 Re8 26. Ra8+ Kd7
27. Rxe8 Bxc3 28. Bxc3 Bxe8 29. a4 bxa4 30. Bxa4+ Ke7 31. Bb4+ Kd8 32. Bc2 g6
33. Bc5 f5 34. h4 Bc6 35. h5 Kd7 36. g4 fxg4 37. Bxg6 Bf3 38. Bxh7 Kc6 39. h6
Bd5 40. Bc2 Bg8 41. b4 Kd7 42. Bf5+ Ke8 1-0

[Event "ICS Rated blitz match"]
[Site "204.178.125.65"]
[Date "1999.12.06"]
[Round "?"]
[White "Hossa"]
[Black "inmichess"]
[Result "1-0"]
[WhiteElo "2534"]
[BlackElo "2513"]
[PlyCount "105"]
[EventDate "1999.??.??"]

1. e4 e5 2. Nf3 Nc6 3. Bb5 Nge7 4. c3 a6 5. Bc4 b5 6. Bb3 d5 7. Qe2 dxe4 8. Ng5
Nd5 9. Qxe4 Nce7 10. Nf3 f6 11. d4 Bf5 12. Qe2 Ng6 13. g3 Nde7 14. a4 exd4 15.
cxd4 Qd6 16. axb5 Bxb1 17. Rxb1 Qb4+ 18. Nd2 axb5 19. O-O c6 20. Qe6 Qxd4 21.
Ne4 Qd7 22. Qf7+ Kd8 23. Rd1 Nd5 24. Bxd5 Qxf7 25. Bxf7+ Kc7 26. Be3 Ne5 27.
Bf4 Ra4 28. f3 Be7 29. Be6 Kb6 30. Bxe5 fxe5 31. Rd7 Ra7 32. Rxa7 Kxa7 33. Rc1
Kb6 34. Bd7 Rd8 35. Bf5 h5 36. Bg6 h4 37. gxh4 Bxh4 38. Kg2 b4 39. Ra1 c5 40.
Bf7 Rd4 41. b3 Bd8 42. Bc4 Kc6 43. Ra7 Bc7 44. Ra8 Rd8 45. Rxd8 Bxd8 46. Kg3
Be7 47. Kg4 Kb6 48. Kf5 Kc6 49. Kg6 Bd8 50. Kxg7 Kb6 51. Nf6 Kc6 52. h4 Kd6 53.
h5 1-0

[Event "ICS rated blitz match"]
[Site "204.178.125.65"]
[Date "1999.12.06"]
[Round "?"]
[White "Hossa"]
[Black "Gregorio"]
[Result "0-1"]
[WhiteElo "2549"]
[BlackElo "2839"]
[PlyCount "118"]
[EventDate "1999.??.??"]

1. e4 c5 2. Nf3 e6 3. d4 cxd4 4. Nxd4 a6 5. Bd3 Bc5 6. Nb3 Ba7 7. O-O Nc6 8.
Qe2 Nge7 9. Be3 Bxe3 10. Qxe3 Ne5 11. Qg5 N5g6 12. Rd1 O-O 13. Nc3 b6 14. Nd4
Bb7 15. Rd2 d5 16. exd5 Nxd5 17. Qg3 Nxc3 18. bxc3 Rc8 19. Bxg6 hxg6 20. Rb1
Bd5 21. a3 b5 22. Rd3 Qe7 23. Ra1 Rc4 24. Qe5 Ra4 25. Rad1 Qc5 26. Qg5 Rxa3 27.
Ne2 Qc4 28. Re1 Rc8 29. Rdd1 Ra2 30. Rd2 Ra4 31. f4 Qc5+ 32. Kf1 Ra2 33. Red1
a5 34. Rb1 a4 35. Rbd1 a3 36. Qh4 Rb2 37. Qg5 a2 38. Ra1 Rb1+ 39. Rd1 Rxd1+ 40.
Rxd1 Qa3 41. Kf2 Qa7+ 42. Nd4 a1=Q 43. Rxa1 Qxa1 44. Nxb5 Qb2 45. Nd4 Qxc3 46.
Ne2 Qd2 47. Qh4 Bc4 48. Qg4 Bb5 49. c4 Rxc4 50. Qf3 Rc1 51. Qa8+ Kh7 52. Kg3
Bxe2 53. h3 Rc3+ 54. Qf3 Bxf3 55. f5 Ba8+ 56. Kh4 Rc4+ 57. g4 g5+ 58. Kh5 g6+
59. fxg6+ fxg6# 0-1

[Event "ICS rated standard match"]
[Site "204.178.125.65"]
[Date "1999.12.06"]
[Round "?"]
[White "netpi"]
[Black "Hossa"]
[Result "1-0"]
[WhiteElo "2433"]
[BlackElo "2163"]
[PlyCount "111"]
[EventDate "1999.??.??"]

1. e4 c5 2. Nf3 d6 3. d4 cxd4 4. Nxd4 Nf6 5. Nc3 a6 6. Bc4 e6 7. Bg5 Be7 8. O-O
O-O 9. Re1 h6 10. Bh4 Re8 11. Bb3 Nxe4 12. Bxe7 Nxc3 13. Bxd8 Nxd1 14. Bc7 Nxb2
15. Rab1 d5 16. Rxb2 Bd7 17. c4 Nc6 18. Nf3 Rac8 19. Bd6 dxc4 20. Bxc4 Red8 21.
Be2 b5 22. Rd1 Be8 23. Rb3 Rd7 24. Rc3 f6 25. Ne1 g6 26. Bg4 Kf7 27. Re3 Nd8
28. f4 a5 29. g3 Rc6 30. Ba3 Rxd1 31. Bxd1 Rc8 32. Nf3 b4 33. Bb2 a4 34. h4 Bb5
35. Nd4 Bc4 36. Bxa4 Bxa2 37. Nc2 Rb8 38. Rd3 Kg7 39. Kf2 Bb1 40. Rd7+ Nf7 41.
Nd4 Ba2 42. Nc6 Ra8 43. Bd1 Bd5 44. Nxb4 Rb8 45. Bc3 Rc8 46. Nxd5 exd5 47. Ba5
Rc5 48. Be1 f5 49. Bb3 Kf6 50. Bxd5 Rxd5 51. Rxd5 Ke6 52. Ra5 Nd6 53. Ra6 Kd5
54. Ke3 h5 55. Kf3 Nb5 56. Rxg6 1-0

[Event "ICS rated standard match"]
[Site "204.178.125.65"]
[Date "1999.12.06"]
[Round "?"]
[White "Hossa"]
[Black "star"]
[Result "1/2-1/2"]
[WhiteElo "2157"]
[BlackElo "2412"]
[PlyCount "105"]
[EventDate "1999.??.??"]

1. e4 c5 2. Nf3 Nc6 3. d4 cxd4 4. Nxd4 e5 5. Nb5 a6 6. Nd6+ Bxd6 7. Qxd6 Qf6 8.
Qd1 Qg6 9. Nc3 d5 10. Nxd5 Qxe4+ 11. Be3 Nd4 12. Nc7+ Ke7 13. Nxa8 Nxc2+ 14.
Kd2 Bf5 15. Bc5+ Kf6 16. Kc3 Qc6 17. b4 Nxa1 18. Qd8+ Kg6 19. Bd3 Bxd3 20.
Qxd3+ f5 21. Rxa1 Nf6 22. Nb6 Qxg2 23. Qg3+ Qxg3+ 24. hxg3 Rd8 25. Kc2 Kf7 26.
Nc4 Ke6 27. Re1 e4 28. Rd1 Rxd1 29. Kxd1 b5 30. Nb6 g5 31. Be3 Ng4 32. Ke2 Nxe3
33. Kxe3 h5 34. a4 bxa4 35. Nxa4 Kd5 36. Nc5 h4 37. gxh4 gxh4 38. Kf4 h3 39.
Kg3 a5 40. Nxe4 axb4 41. Nd2 Kd4 42. Nb3+ Ke4 43. Nc5+ Kd4 44. Na4 Ke4 45. Nb2
f4+ 46. Kxh3 Kf3 47. Kh2 Kxf2 48. Nd3+ Ke3 49. Nxb4 f3 50. Nd5+ Kd2 51. Kg3 f2
52. Kg2 f1=Q+ 53. Kxf1 1/2-1/2

[Event "ICS rated blitz match"]
[Site "204.178.125.65"]
[Date "1999.12.06"]
[Round "?"]
[White "balwan"]
[Black "Hossa"]
[Result "1-0"]
[WhiteElo "2352"]
[BlackElo "2559"]
[PlyCount "161"]
[EventDate "1999.??.??"]

1. e4 c5 2. Nf3 d6 3. d4 Nf6 4. Nc3 cxd4 5. Nxd4 e6 6. Be2 a6 7. O-O Be7 8. f4
Nbd7 9. Kh1 O-O 10. Bf3 Qb6 11. Nb3 Qc7 12. Qe2 Nb6 13. Rd1 Rd8 14. a4 Nc4 15.
Rd4 Na5 16. Nxa5 Qxa5 17. b4 Qc7 18. Rc4 Qb8 19. Kg1 Rd7 20. Bb2 Qa7+ 21. Kh1
Qb6 22. Rd1 d5 23. a5 Qd8 24. exd5 Nxd5 25. Bxd5 exd5 26. Rcd4 Bf6 27. Rxd5 Qf8
28. Rxd7 Bxd7 29. Rxd7 Qxb4 30. Qd1 Re8 31. Ba1 Qxa5 32. Rd3 Qc5 33. Qf1 b5 34.
Rg3 Qa3 35. Na2 Qd6 36. h3 Re4 37. Bxf6 Qxf6 38. Rf3 h6 39. Nc3 Rd4 40. Qc1 Kh7
41. Qe3 b4 42. Ne4 Rd1+ 43. Kh2 Qd4 44. Nc5 a5 45. c3 Qxe3 46. Rxe3 Rc1 47.
cxb4 axb4 48. Nb7 Kg6 49. Nd6 Rd1 50. Rg3+ Kf6 51. Ne8+ Ke7 52. Re3+ Kf8 53.
Nc7 g5 54. fxg5 hxg5 55. Re8+ Kg7 56. Rb8 Rb1 57. Na6 b3 58. Nc5 f5 59. Rxb3
Rc1 60. Rb7+ Kg6 61. Rb6+ Kg7 62. Ne6+ Kf6 63. Nd4+ Kf7 64. Nxf5 Rc5 65. Nd6+
Ke7 66. Rb5 Rxb5 67. Nxb5 Kf6 68. Kg3 Kf5 69. h4 g4 70. h5 Ke4 71. Kxg4 Ke3 72.
h6 Kd3 73. h7 Ke4 74. h8=Q Kd5 75. Qg8+ Kc6 76. Qe6+ Kc5 77. Nd4 Kb4 78. Qc6
Ka3 79. Qc3+ Ka4 80. Qb3+ Ka5 81. Qb5# 1-0

[Event "ICS rated blitz match"]
[Site "204.178.125.65"]
[Date "1999.12.06"]
[Round "?"]
[White "Hossa"]
[Black "poodledough"]
[Result "0-1"]
[WhiteElo "2534"]
[BlackElo "2790"]
[PlyCount "140"]
[EventDate "1999.??.??"]

1. e4 c5 2. Nf3 e6 3. d4 cxd4 4. Nxd4 Nf6 5. Nc3 d6 6. g4 h6 7. g5 hxg5 8. Bxg5
Nc6 9. Bg2 Bd7 10. Ndb5 Bc8 11. Qd2 a6 12. Na3 Be7 13. O-O-O e5 14. Bxf6 Bxf6
15. Qxd6 Qxd6 16. Rxd6 Be7 17. Rd3 Bxa3 18. bxa3 Bd7 19. Nd5 O-O-O 20. Nb6+ Kc7
21. Nxd7 Rxd7 22. Rxd7+ Kxd7 23. Rd1+ Kc7 24. h3 Nd4 25. Kb2 Ne6 26. Rd3 Nf4
27. Rg3 g6 28. Bf1 Rd8 29. Bc4 Rd7 30. a4 f6 31. Bd3 Rd4 32. Kb3 Kb6 33. Re3
Ka5 34. Bc4 g5 35. c3 Rd1 36. Rg3 Rh1 37. Bd5 Nxh3 38. f3 Nf4 39. Bc4 Kb6 40.
Bf7 Kc5 41. a3 Rh2 42. Bc4 b5 43. Bf1 Rh1 44. Bxb5 axb5 45. a5 Rf1 46. a6 Kb6
47. a4 Kxa6 48. Ka3 Ne2 49. Rh3 Nxc3 50. axb5+ Kxb5 51. Kb3 Ne2 52. Kb2 Rf2 53.
Kb1 Kc4 54. Rh7 Kd3 55. Rd7+ Nd4 56. Rd8 Rxf3 57. Rg8 Rf2 58. Ka1 Kxe4 59. Rg6
Ne2 60. Rh6 Nc3 61. Rh2 Re2 62. Rh4+ Kd3 63. Rh3+ Kc4 64. Rh4+ e4 65. Rh2 Kb3
66. Rxe2 Nxe2 67. Kb1 g4 68. Ka1 g3 69. Kb1 g2 70. Ka1 g1=Q# 0-1

[Event "ICS rated blitz match"]
[Site "204.178.125.65"]
[Date "1999.12.06"]
[Round "?"]
[White "smash"]
[Black "Hossa"]
[Result "0-1"]
[WhiteElo "2171"]
[BlackElo "2528"]
[PlyCount "52"]
[EventDate "1999.??.??"]

1. d4 Nf6 2. c4 g6 3. Nc3 d5 4. cxd5 Nxd5 5. e4 Nxc3 6. bxc3 c5 7. Rb1 Bg7 8.
Nf3 O-O 9. Be2 Nc6 10. d5 Bxc3+ 11. Bd2 Bxd2+ 12. Qxd2 Nd4 13. Nxd4 cxd4 14. h4
e5 15. h5 g5 16. h6 Kh8 17. Rh5 Rg8 18. Rd1 f5 19. f3 fxe4 20. fxe4 Qf6 21. Qd3
Bd7 22. Qb3 Raf8 23. Qg3 Rc8 24. Bd3 Ba4 25. Rb1 Rc3 26. Qh3 Bc2 0-1

[Event "ICS rated blitz match"]
[Site "204.178.125.65"]
[Date "1999.12.06"]
[Round "?"]
[White "Hossa"]
[Black "poodledough"]
[Result "0-1"]
[WhiteElo "2532"]
[BlackElo "2796"]
[PlyCount "130"]
[EventDate "1999.??.??"]

1. e4 c5 2. Nf3 e6 3. d4 cxd4 4. Nxd4 Nf6 5. Nc3 d6 6. Be3 a6 7. Be2 Be7 8. O-O
O-O 9. f4 Qc7 10. Qd3 Nbd7 11. Bf3 Nb6 12. Rad1 Nc4 13. Bc1 e5 14. fxe5 Nxe5
15. Qe2 Nxf3+ 16. Nxf3 Be6 17. Nd5 Nxd5 18. exd5 Bf5 19. Rde1 Rae8 20. Nd4 Bd7
21. Qd3 Qc5 22. b4 Qxb4 23. Ba3 Qb6 24. Rb1 Qc7 25. Nf5 Bxf5 26. Rxf5 Bd8 27.
Bb2 Qb6+ 28. Kh1 Qe3 29. Qf1 b5 30. a4 bxa4 31. Qxa6 Qe4 32. Rff1 Be7 33. Ba3
Qxc2 34. Rb7 Ra8 35. Qb5 Qe4 36. Bb4 a3 37. Bc3 a2 38. Ba1 Rfc8 39. Qb3 Bf6 40.
Bxf6 gxf6 41. Ra1 Rc1+ 42. Rxc1 a1=Q 43. Rb8+ Kg7 44. Qg3+ Qg6 45. Rcb1 Ra2 46.
R8b4 Qxg3 47. hxg3 Qe5 48. Rg4+ Kh6 49. Rh4+ Kg5 50. Rg1 h6 51. Rf4 Qxd5 52.
Rf3 Qd2 53. Rff1 Qe2 54. Rf4 d5 55. Kh2 Rd2 56. Kh3 d4 57. Kh2 d3 58. Rd4 Rc2
59. Rd5+ f5 60. g4 Kxg4 61. Kh1 Kg3 62. Rxd3+ Qxd3 63. Ra1 Qe3 64. Rd1 Rxg2 65.
Rd2 Qg1# 0-1

[Event "ICS rated blitz match"]
[Site "204.178.125.65"]
[Date "1999.12.06"]
[Round "?"]
[White "Talmoves"]
[Black "Hossa"]
[Result "0-1"]
[WhiteElo "2557"]
[BlackElo "2526"]
[PlyCount "111"]
[EventDate "1999.??.??"]

1. e4 c5 2. Nf3 e6 3. d4 cxd4 4. Nxd4 a6 5. Nc3 Qc7 6. Bd3 Nf6 7. O-O b5 8. a3
Bb7 9. Be3 d6 10. f4 Be7 11. f5 e5 12. Nde2 Ng4 13. Bd2 Qb6+ 14. Kh1 Nf2+ 15.
Rxf2 Qxf2 16. Ng3 O-O 17. Qc1 Qb6 18. Be3 Qa5 19. Nh5 Qd8 20. Bh6 g6 21. f6
Bxf6 22. Nxf6+ Qxf6 23. Bxf8 Kxf8 24. Qh6+ Qg7 25. Qh4 f6 26. Rf1 Nd7 27. Be2
Kg8 28. Rd1 Qf8 29. a4 b4 30. Nd5 Rc8 31. Bg4 Bxd5 32. Bxd7 Rc7 33. Rxd5 Rxd7
34. Qe1 f5 35. Qxb4 fxe4 36. Qc4 Rf7 37. Rd1 a5 38. Kg1 e3 39. Re1 Qb8 40. Rf1
Qa7 41. Rxf7 Qxf7 42. Qxf7+ Kxf7 43. b4 Ke6 44. bxa5 Kd7 45. Kf1 Kc7 46. a6 d5
47. Ke2 d4 48. a5 Kb8 49. c4 dxc3 50. Kd3 e2 51. Kxe2 e4 52. Ke3 Ka7 53. g4
Kxa6 54. h4 Kxa5 55. h5 Kb4 56. hxg6 0-1

[Event "ICS rated blitz match"]
[Site "204.178.125.65"]
[Date "1999.12.06"]
[Round "?"]
[White "Palanthor"]
[Black "Hossa"]
[Result "1-0"]
[WhiteElo "2853"]
[BlackElo "2549"]
[PlyCount "151"]
[EventDate "1999.??.??"]

1. c4 Nf6 2. d4 g6 3. Nf3 e6 4. Nc3 d5 5. Bg5 Be7 6. e3 h6 7. Bxf6 Bxf6 8. Be2
O-O 9. O-O Nc6 10. Rc1 Re8 11. a3 Rb8 12. Qc2 Qd7 13. Rfd1 Bg7 14. cxd5 exd5
15. Qb3 Rd8 16. Bf1 Qd6 17. Nb5 Qe7 18. Rc5 Be6 19. Rdc1 Qd7 20. R5c2 Re8 21.
Bd3 Bg4 22. Be2 a6 23. Nc3 Bf5 24. Rd2 Be6 25. Na4 Na5 26. Qb4 Nc6 27. Nc5 Qe7
28. Qa4 b5 29. Qd1 Rb6 30. Nxa6 Qd6 31. Rdc2 Bf5 32. Rc5 Ra8 33. Nxc7 Qxc7 34.
Bxb5 Bd7 35. Rxd5 Qb7 36. a4 Re8 37. b4 Bf8 38. Rdc5 Bd6 39. Qd2 Nb8 40. Bxd7
Qxd7 41. b5 Bxc5 42. dxc5 Qxd2 43. Nxd2 Rc8 44. Nb3 Rb7 45. c6 Nxc6 46. Na5
Nxa5 47. Rxc8+ Kg7 48. h4 Rd7 49. Kh2 Rd2 50. Ra8 Nc4 51. Kg3 Ra2 52. Ra6 Nd2
53. Kf4 Nb1 54. f3 Rxg2 55. b6 Rh2 56. Kg3 Rb2 57. a5 Nd2 58. Ra7 Nf1+ 59. Kf4
Rh2 60. Ke5 Rxh4 61. b7 Rb4 62. a6 Nxe3 63. Ra8 Nc4+ 64. Kd5 Ne3+ 65. Kc5 Rc4+
66. Kb5 Rc2 67. b8=Q Rb2+ 68. Kc5 Rxb8 69. Rxb8 h5 70. a7 f5 71. a8=Q Kf6 72.
f4 Nd5 73. Qc6+ Kf7 74. Kxd5 Kg7 75. Qd7+ Kh6 76. Rh8# 1-0